Turismo gastronómico : (Registro nro. 237698)

Detalles MARC
000 -LEADER
fixed length control field 01733nam a2200445Ii 4500
001 - CONTROL NUMBER
control field DIGPUZ0592
003 - CONTROL NUMBER IDENTIFIER
control field NyNyDIG
008 - FIXED-LENGTH DATA ELEMENTS--GENERAL INFORMATION
fixed length control field 181206s2011 sp o 000 0 spa d
006 - FIXED-LENGTH DATA ELEMENTS--ADDITIONAL MATERIAL CHARACTERISTICS
fixed length control field m o d
007 - PHYSICAL DESCRIPTION FIXED FIELD--GENERAL INFORMATION
fixed length control field cr |||||||||||
035 ## - SYSTEM CONTROL NUMBER
System control number (OCoLC)904195485
040 ## - CATALOGING SOURCE
Original cataloging agency DGITA
Language of cataloging eng
Description conventions rda
-- pn
Transcribing agency DGITA
020 ## - INTERNATIONAL STANDARD BOOK NUMBER
International Standard Book Number 9788415538516
Qualifying information (eBook ;
-- pdf)
020 ## - INTERNATIONAL STANDARD BOOK NUMBER
International Standard Book Number 8415538510
Qualifying information (eBook ;
-- pdf)
020 ## - INTERNATIONAL STANDARD BOOK NUMBER
Canceled/invalid ISBN 9788415031833
020 ## - INTERNATIONAL STANDARD BOOK NUMBER
Canceled/invalid ISBN 8415031831
043 ## - GEOGRAPHIC AREA CODE
Geographic area code e-sp---
050 14 - LIBRARY OF CONGRESS CALL NUMBER
Classification number TX641 ebook
082 04 - DEWEY DECIMAL CLASSIFICATION NUMBER
Classification number 641.013
245 00 - TITLE STATEMENT
Title Turismo gastronómico :
Remainder of title estrategias de marketing y experiencias de éxito /
Statement of responsibility, etc. Carlos Flavián Blanco y Carmen Fandos Herrera (coordinadores).
264 #1 - PRODUCTION, PUBLICATION, DISTRIBUTION, MANUFACTURE, AND COPYRIGHT NOTICE
Place of production, publication, distribution, manufacture Zaragoza :
Name of producer, publisher, distributor, manufacturer Prensas Universitarias de Zaragoza,
Date of production, publication, distribution, manufacture, or copyright notice [2011]
300 ## - PHYSICAL DESCRIPTION
Extent 1 online resource.
336 ## - CONTENT TYPE
Content type term text
Content type code txt
Source rdacontent
337 ## - MEDIA TYPE
Media type term computer
Media type code c
Source rdamedia
338 ## - CARRIER TYPE
Carrier type term online resource
Carrier type code cr
Source rdacarrier
490 1# - SERIES STATEMENT
Series statement Colección Ciencias sociales ;
Volume/sequential designation no. 82
588 0# - SOURCE OF DESCRIPTION NOTE
Source of description note Online resource; title from PDF title page (Digitalia, viewed December 8, 2018)
650 #0 - SUBJECT ADDED ENTRY--TOPICAL TERM
Topical term or geographic name entry element Food tourism.
650 #0 - SUBJECT ADDED ENTRY--TOPICAL TERM
Topical term or geographic name entry element Food tourism
General subdivision Marketing.
655 #0 - INDEX TERM--GENRE/FORM
Genre/form data or focus term Electronic books.
700 1# - ADDED ENTRY--PERSONAL NAME
Personal name Flavián Blanco, Carlos,
Relator term editor.
700 1# - ADDED ENTRY--PERSONAL NAME
Personal name Fandos Herrera, Carmen,
Relator term editor.
791 2# -
-- Digitalia (Firm),
-- distributor.
793 0# -
-- Digitalia eBook Collection:
-- Prensas Universitarias de Zaragoza
776 08 - ADDITIONAL PHYSICAL FORM ENTRY
Relationship information Print version:
Title Turismo gastronómico.
Place, publisher, and date of publication Zaragoza : Prensas Universitarias de Zaragoza, 2011
International Standard Book Number 9788415031833
Record control number (OCoLC)741557758
830 #0 - SERIES ADDED ENTRY--UNIFORM TITLE
Uniform title Ciencias sociales (Universidad de Zaragoza) ;
Volume/sequential designation 82.
856 40 - ELECTRONIC LOCATION AND ACCESS
Materials specified Digitalia Hispánica
Uniform Resource Identifier <a href="https://www.digitaliapublishing.com/a/23472/">https://www.digitaliapublishing.com/a/23472/</a>
910 ## - USER-OPTION DATA (OCLC)
User-option data Premium collection: 2018
942 ## - ADDED ENTRY ELEMENTS (KOHA)
Koha item type Recurso Electrónico
Existencias
Withdrawn status Lost status Damaged status Not for loan Collection Home library Current library Date acquired Total checkouts Date last seen Price effective from Koha item type
        Digitalia Ebooks Hispanica Biblioteca Digital UIN Biblioteca Digital UIN 04/25/2025   04/25/2025 04/25/2025 Recurso Electrónico

CONTACTO


NOSOTROS


SITIOS DE INTERES

coordinacion.biblioteca.biblioteca@unienlinea.mx Misión, Visión y Objetivos Bases de datos
Directorio Bibliotecas Digitales y Repositorios
Normatividad Revistas y artículos
Convenios interbibliotecarios
Boletines



Hecho en México. Universidad Insurgentes (UIN). Todos los derechos reservados 2024. Esta página y sus contenidos pueden ser reproducidos con fines no lucrativos, siempre y cuando no se mutile, se cite la fuente completa y su dirección electrónicas. De otra forma requiere permiso previo por escrito de la institución




2024 Copyright Universidad Insurgentes | www.bibliouin.com.mx